[Event "Xtracon Chess Open 2017"]
[Site "Helsingor DEN"]
[Date "2017.07.28"]
[Round "8.78"]
[White "Nilssen, Ellen Fredericia"]
[Black "Sorensen, Bernhard W."]
[Result "1-0"]
[WhiteElo "1948"]
[BlackElo "1686"]
[WhiteFideId "1441230"]
[BlackFideId "1442074"]
[EventDate "2017.07.22"]

1. e4 e6 2. d4 d5 3. Nd2 dxe4 4. Nxe4 Bd7 5. Nf3 Bc6 6. Bd3 Nd7 7. O-O Ngf6 8.
Ng3 Bd6 9. b3 Bxg3 10. hxg3 Be4 11. Bxe4 Nxe4 12. Re1 Nc3 13. Qd2 Nd5 14. c4 Ne7
15. d5 Nf8 16. Ba3 Nf5 17. Qf4 Ne7 18. Ng5 f6 19. Nxe6 Nxe6 20. Rxe6 Kf7 21.
Rxe7+ 1-0

[Event "Xtracon Chess Open 2017"]
[Site "Helsingor DEN"]
[Date "2017.07.28"]
[Round "8.79"]
[White "Laverton, Christian"]
[Black "Nielsen, Aage Sondergaard"]
[Result "1-0"]
[WhiteElo "2133"]
[BlackElo "1861"]
[WhiteFideId "1506846"]
[BlackFideId "1409859"]
[EventDate "2017.07.22"]

1. d4 e6 2. c4 d5 3. Nc3 Bb4 4. Nf3 c6 5. e3 Nf6 6. Bd3 Ne4 7. Qc2 f5 8. O-O Nd7
9. Ne2 Bd6 10. b3 Qf6 11. Bb2 O-O 12. a4 Rf7 13. Ne1 Qh6 14. g3 g5 15. f3 Nef6
16. Nc3 Nf8 17. Ba3 Bc7 18. b4 dxc4 19. Bxc4 Nd5 20. Ng2 Bd7 21. e4 Nxc3 22.
Qxc3 Rc8 23. exf5 Rxf5 24. Ne3 Rf7 25. Rae1 b5 26. Bb3 bxa4 27. Bxa4 Ng6 28. Ng4
Qg7 29. Kg2 h5 30. Ne5 Nxe5 31. dxe5 Bb6 32. Bc2 Qf8 33. Rd1 Kg7 34. Rd6 Rd8 35.
Qd2 Qe7 36. Rd1 Rff8 37. Rxd7 1-0

[Event "Xtracon Chess Open 2017"]
[Site "Helsingor DEN"]
[Date "2017.07.28"]
[Round "8.80"]
[White "Gade, Jens"]
[Black "Hviid, Hans Henrik"]
[Result "1-0"]
[WhiteElo "1523"]
[BlackElo "1263"]
[WhiteFideId "1416111"]
[BlackFideId "1425374"]
[EventDate "2017.07.22"]

1. f4 f5 2. Nf3 g6 3. Nc3 Nf6 4. b3 Bg7 5. Bb2 Ne4 6. Na4 Bxb2 7. Nxb2 c6 8. g3
d5 9. Bg2 O-O 10. O-O Nd7 11. d3 Qb6+ 12. d4 e5 13. Na4 Qb5 14. Qd3 Qxd3 15.
exd3 Nef6 16. dxe5 Ng4 17. Rfe1 b5 18. Nb2 Nb6 19. d4 Be6 20. Nd3 a5 21. Nc5
Rfe8 22. Ng5 Bc8 23. h3 h6 24. Nf3 a4 25. hxg4 fxg4 26. Nh4 Kg7 27. Rf1 g5 28.
fxg5 hxg5 29. Nf5+ Kg6 30. Nd6 Re7 31. Rf6+ Kg7 32. Nf5+ Bxf5 33. Rxf5 Rea7 34.
bxa4 Nxa4 35. Rxg5+ Kh6 36. Rxg4 Nxc5 37. dxc5 Rxa2 38. Rxa2 Rxa2 39. e6 Ra8 40.
Rf4 Re8 41. Bh3 Kg7 42. Rf7+ Kg8 43. Bf5 Rf8 44. Rxf8+ Kxf8 45. Kf2 Ke7 46. Ke3
Kf6 47. Kd4 b4 48. g4 Ke7 49. g5 Kf8 50. Ke5 Ke7 51. g6 Kf8 52. Kf6 d4 53. e7+
Ke8 54. g7 d3 55. g8=Q# 1-0

[Event "Xtracon Chess Open 2017"]
[Site "Helsingor DEN"]
[Date "2017.07.28"]
[Round "8.81"]
[White "Celander, Jesper"]
[Black "Andersen, Dag"]
[Result "0-1"]
[WhiteElo "2127"]
[BlackElo "1855"]
[WhiteFideId "1705342"]
[BlackFideId "1504568"]
[EventDate "2017.07.22"]

1. d4 e6 2. Nf3 d5 3. Bg5 Be7 4. Bxe7 Qxe7 5. Nbd2 Nf6 6. e3 O-O 7. Ne5 Nbd7 8.
f4 Re8 9. Bd3 Nf8 10. c3 N6d7 11. O-O f6 12. Nxd7 Bxd7 13. e4 e5 14. fxe5 fxe5
15. dxe5 Qc5+ 16. Kh1 dxe4 17. Bxe4 Qxe5 18. Bxb7 Rab8 19. Nf3 Qb5 20. Qd5+ Kh8
21. Ng5 h6 22. Nf7+ Kh7 23. Qd4 Qxb7 24. Ne5 Bc6 25. Rf2 Rbd8 26. Qf4 Be4 27. h4
Ng6 0-1

[Event "Xtracon Chess Open 2017"]
[Site "Helsingor DEN"]
[Date "2017.07.28"]
[Round "8.82"]
[White "Smeby, Ole"]
[Black "Skjoldager, Per"]
[Result "1/2-1/2"]
[WhiteElo "1938"]
[BlackElo "2126"]
[WhiteFideId "1503677"]
[BlackFideId "1408828"]
[EventDate "2017.07.22"]

1. d4 Nf6 2. Nf3 e6 3. e3 b6 4. c4 Bb7 5. Bd3 Be7 6. O-O d5 7. Nc3 Nbd7 8. Re1
O-O 9. e4 dxe4 10. Nxe4 c5 11. dxc5 Nxc5 12. Nxc5 Bxc5 13. Bg5 h6 14. Bh4 Qe7
15. Qe2 Rfd8 16. a3 a5 17. Rad1 Rac8 18. h3 Ba8 19. Bb1 Rxd1 20. Rxd1 Rd8 21.
Rd3 Rxd3 22. Bxd3 Qd8 23. Bg3 Bb7 24. Be5 Nd7 25. Bc3 Bf8 26. b4 axb4 27. axb4
Be7 28. Bc2 Nf6 29. Ne5 Qa8 30. f3 Qd8 31. Qe3 Qc7 32. f4 Bd6 33. Bd3 Nd7 34.
Nxd7 Qxd7 35. Qd4 f6 36. Be4 Bxe4 37. Qxe4 Qe7 38. b5 Kf7 39. Bd4 Qc7 40. Be3 f5
41. Qd4 Bc5 42. Qd2 Bxe3+ 43. Qxe3 Qxc4 44. Qxb6 Qc1+ 45. Kh2 Qxf4+ 46. Kh1 Qf1+
47. Kh2 Qf4+ 48. Kh1 g5 49. Qb7+ Kf6 50. b6 Qf1+ 51. Kh2 Qf4+ 52. Kh1 Qf1+ 53.
Kh2 1/2-1/2

[Event "Xtracon Chess Open 2017"]
[Site "Helsingor DEN"]
[Date "2017.07.28"]
[Round "8.83"]
[White "Nielsen, John Bauneborg"]
[Black "Amin, Idris"]
[Result "0-1"]
[WhiteElo "2125"]
[BlackElo "1819"]
[WhiteFideId "1402439"]
[BlackFideId "1746022"]
[EventDate "2017.07.22"]

1. d4 d6 2. g3 g6 3. Bg2 Bg7 4. Nf3 Nf6 5. O-O O-O 6. c4 c6 7. b3 a5 8. a3 Bf5
9. Bb2 Qb6 10. Nc3 Na6 11. Nh4 Be6 12. e4 Ne8 13. d5 Bd7 14. Na4 Qa7 15. Bxg7
Nxg7 16. Nc3 Qb6 17. Re1 Qc7 18. Ra2 Rad8 19. Rae2 f6 20. h3 Rf7 21. Nf3 c5 22.
Kh2 Qc8 23. Ng1 Nc7 24. a4 Rdf8 25. f4 h5 26. Nf3 Nce8 27. Qd3 Qc7 28. Nh4 Kh7
29. e5 Bf5 30. Nxf5 Nxf5 31. Be4 fxe5 32. g4 hxg4 33. hxg4 Nh4 34. Qh3 Kg7 35.
Kg1 Rh8 36. Rh2 Rxf4 37. Qg3 Nf6 38. Rxh4 Rxh4 39. Qxh4 Rxg4+ 40. Qxg4 Nxg4 41.
Bf3 Qd7 42. Kg2 Qf5 43. Ne4 Qf4 44. Rh1 Nf6 45. Re1 g5 46. Nf2 g4 47. Be4 g3 0-1

[Event "Xtracon Chess Open 2017"]
[Site "Helsingor DEN"]
[Date "2017.07.28"]
[Round "8.84"]
[White "Lien, Kjell Hakon"]
[Black "Solli, Oddvar"]
[Result "1-0"]
[WhiteElo "2120"]
[BlackElo "1738"]
[WhiteFideId "1510444"]
[BlackFideId "1501208"]
[EventDate "2017.07.22"]

1. Nf3 Nf6 2. c4 b6 3. Nc3 Bb7 4. b3 e6 5. Bb2 Be7 6. e3 O-O 7. d4 d5 8. Bd3
Nbd7 9. cxd5 exd5 10. O-O c5 11. Rc1 Rc8 12. Ne2 Ne4 13. Nf4 Bf6 14. Qe2 Re8 15.
Rfd1 cxd4 16. Nxd4 Rxc1 17. Rxc1 Ndc5 18. Bb5 Re7 19. Nf5 Rc7 20. Nh5 g6 21.
Nh6+ Kf8 22. Nxf6 Nxf6 23. Be5 Rc8 24. Qb2 1-0

[Event "Xtracon Chess Open 2017"]
[Site "Helsingor DEN"]
[Date "2017.07.28"]
[Round "8.85"]
[White "Rosell, Sven"]
[Black "Eriksson, Kristian"]
[Result "0-1"]
[WhiteElo "1930"]
[BlackElo "2093"]
[WhiteFideId "1707760"]
[BlackFideId "1705172"]
[EventDate "2017.07.22"]

1. c4 Nf6 2. Nc3 e5 3. Nf3 Nc6 4. d4 exd4 5. Nxd4 Bb4 6. Bg5 h6 7. Bh4 Ne5 8. e3
Ng6 9. Bg3 O-O 10. Bd3 Re8 11. Qb3 a5 12. O-O d6 13. a3 Bxc3 14. Qxc3 Ne4 15.
Qc2 Nxg3 16. hxg3 Ne5 17. Be2 Bg4 18. Bxg4 Nxg4 19. Qf5 Nf6 20. Rfd1 Re5 21. Qf3
Ne4 22. b4 g6 23. Qf4 Kg7 24. b5 Qe7 25. Nf3 Nc3 26. Nd4 Nxd1 27. Rxd1 Re8 28.
Qf3 Re4 29. Rc1 Qe5 30. Qd1 h5 31. Qc2 Qc5 32. Qc3 Qe5 33. Qxa5 Rxe3 34. Nf3 Qb2
35. Rf1 R3e7 36. Qa7 b6 37. Qa4 Qc3 38. Qd1 Qxc4 39. Qa1+ Kg8 40. a4 Ra8 41. Qf6
Re6 42. Qb2 Qxa4 43. Rc1 Re7 44. Qf6 Rae8 45. Qb2 d5 46. Kh2 Qg4 47. Qf6 Qe6 48.
Qg5 Qf5 49. Qxf5 gxf5 50. Nd4 Re4 51. Nxf5 Rc4 52. Rd1 Rc5 53. Nd4 Re4 54. f3
Rxd4 55. Rxd4 Rxb5 56. Kh3 Rc5 57. f4 Kg7 58. Kh4 Kg6 59. Kh3 c6 60. Ra4 b5 61.
Ra8 b4 62. Rb8 Rb5 63. Rg8+ Kh7 64. Rc8 b3 65. Rxc6 b2 0-1

[Event "Xtracon Chess Open 2017"]
[Site "Helsingor DEN"]
[Date "2017.07.28"]
[Round "8.86"]
[White "Nielsen, Morten Majlund"]
[Black "Holinka, Henning"]
[Result "1/2-1/2"]
[WhiteElo "1927"]
[BlackElo "2087"]
[WhiteFideId "1445448"]
[BlackFideId "12967084"]
[EventDate "2017.07.22"]

1. d4 g6 2. c4 Bg7 3. Nc3 d6 4. Nf3 Nd7 5. g3 e5 6. Bg2 Ne7 7. e4 exd4 8. Nxd4
O-O 9. O-O Nc6 10. Nxc6 bxc6 11. Qc2 Ne5 12. Nd1 c5 13. Ne3 Qd7 14. Bd2 Nc6 15.
Bc3 Nd4 16. Qd3 Qe6 17. Nd5 Qd7 18. Ne3 Bb7 19. Nc2 Nxc2 20. Qxc2 Qe6 21. Bxg7
Kxg7 22. Rfe1 Bc6 23. Rad1 Rae8 24. Qc3+ Qe5 25. Qxe5+ Rxe5 26. f4 Re7 27. e5 1/2-1/2

[Event "Xtracon Chess Open 2017"]
[Site "Helsingor DEN"]
[Date "2017.07.28"]
[Round "8.87"]
[White "Afsari-Rad, Aidin"]
[Black "Mejvik, Jacob"]
[Result "0-1"]
[WhiteElo "1733"]
[BlackElo "2085"]
[WhiteFideId "1527177"]
[BlackFideId "1710621"]
[EventDate "2017.07.22"]

1. e4 e5 2. Nf3 Nc6 3. Bb5 a6 4. Ba4 Nf6 5. O-O Be7 6. Re1 b5 7. Bb3 O-O 8. a4
b4 9. d4 d6 10. dxe5 Nxe5 11. Nxe5 dxe5 12. Qe2 Bd6 13. Bg5 h6 14. Bh4 g5 15.
Bg3 Nd7 16. Bd5 Rb8 17. a5 Nc5 18. Rd1 Qf6 19. Nd2 Bd7 20. Bc4 Bb5 21. Nf1 Qg6
22. f3 Ne6 23. c3 bxc3 24. bxc3 Bc5+ 25. Bf2 Nf4 26. Qa2 Bxf2+ 27. Kxf2 Qc6 28.
Ne3 Bxc4 29. Nxc4 Rb5 30. g3 Ng6 31. Qe2 Rfb8 32. Ra4 Rb3 33. Ra2 Rxc3 34. Ne3
Qc5 35. Rd5 Qa7 36. Qd2 Rcb3 0-1

[Event "Xtracon Chess Open 2017"]
[Site "Helsingor DEN"]
[Date "2017.07.28"]
[Round "8.88"]
[White "Andersson, Kaj"]
[Black "Svensson, Anders 1980"]
[Result "1/2-1/2"]
[WhiteElo "2063"]
[BlackElo "1723"]
[WhiteFideId "1709860"]
[BlackFideId "1727818"]
[EventDate "2017.07.22"]

1. e4 c5 2. Nf3 Nc6 3. d4 cxd4 4. Nxd4 g6 5. Be3 Nf6 6. Nc3 Bg7 7. Be2 O-O 8.
O-O d5 9. exd5 Nxd5 10. Nxd5 Qxd5 11. Nxc6 bxc6 12. Bf3 Qa5 13. c3 Rb8 14. b4
Qa3 15. Bd4 Rd8 16. Qc1 Qxc1 17. Rfxc1 Bxd4 18. cxd4 Rxb4 19. Rxc6 Bb7 20. Rc7
Bxf3 21. gxf3 Ra4 22. Rxe7 Rdxd4 23. Kg2 Rd2 24. a3 Rd3 25. Re3 Rd5 26. Re4 Rg5+
27. Kf1 Rga5 28. Re3 Rh5 29. Kg2 Rg5+ 30. Kh3 Rh5+ 31. Kg2 Rg5+ 32. Kh3 Rh5+ 1/2-1/2

[Event "Xtracon Chess Open 2017"]
[Site "Helsingor DEN"]
[Date "2017.07.28"]
[Round "8.89"]
[White "Shehzad, Alisha"]
[Black "Jensen, Morten Frank"]
[Result "1/2-1/2"]
[WhiteElo "1573"]
[BlackElo "2063"]
[WhiteFideId "1521926"]
[BlackFideId "1407325"]
[EventDate "2017.07.22"]

1. e4 g6 2. d4 Bg7 3. Nf3 c5 4. Nc3 Qa5 5. Be2 cxd4 6. Nxd4 Nc6 7. Be3 Nf6 8.
O-O O-O 9. Nb3 Qc7 10. Qc1 Rd8 11. Bh6 Bh8 12. f4 d5 13. exd5 Nxd5 14. Nxd5 Rxd5
15. Rd1 Rxd1+ 16. Bxd1 Be6 17. c3 Qb6+ 18. Kh1 Rd8 19. Qc2 Bf5 20. Qe2 Rd6 21.
Bc2 Re6 22. Qd2 Bxc2 23. Qxc2 Bg7 24. Bxg7 Kxg7 25. Qd2 Rf6 26. h3 Rd6 27. Qe2
Qd8 28. Re1 e6 29. Rf1 b6 30. Re1 a5 31. a4 Rd5 32. Rf1 Qd7 33. Re1 h6 34. Rf1
Kh7 35. Re1 Ne7 36. Ra1 Nf5 37. Kh2 h5 38. Qf1 h4 39. Qf2 Qd6 40. Re1 Kg7 41.
Re4 Rd1 42. Nd4 Ng3 43. Re1 Rxe1 44. Qxe1 Qxf4 45. Kg1 e5 46. Nc2 e4 47. b4 axb4
48. cxb4 Qc7 49. Ne3 f5 50. a5 bxa5 51. bxa5 Qa7 52. Kh2 f4 53. Ng4 e3 54. Qc3+
Kh7 55. Nf6+ Kh6 56. Ng4+ Kh7 57. Nf6+ 1/2-1/2

[Event "Xtracon Chess Open 2017"]
[Site "Helsingor DEN"]
[Date "2017.07.28"]
[Round "8.90"]
[White "Nielsen, Jorgen Lovgren"]
[Black "Kirkebaekke, Mark"]
[Result "1-0"]
[WhiteElo "2063"]
[BlackElo "1716"]
[WhiteFideId "1403850"]
[BlackFideId "1414917"]
[EventDate "2017.07.22"]

1. e4 e5 2. Nf3 Nc6 3. Bb5 f5 4. Nc3 Nf6 5. d3 Bc5 6. O-O d6 7. Bxc6+ bxc6 8.
exf5 Bxf5 9. d4 exd4 10. Re1+ Kf7 11. Nxd4 Bg4 12. Qd3 Re8 13. Bg5 d5 14. Nxc6
Qd6 15. Nd4 h6 16. Be3 a6 17. h3 Bd7 18. Nce2 Re7 19. Ng3 g6 20. Bxh6 Rxe1+ 21.
Rxe1 Rh8 22. Bg5 Bxh3 23. gxh3 Rxh3 24. Bxf6 Qxf6 25. Re6 Qg7 26. Qf3+ Kg8 27.
Re8+ Kh7 28. Ne6 Qd7 29. Nf8+ Bxf8 30. Qxf8 1-0

[Event "Xtracon Chess Open 2017"]
[Site "Helsingor DEN"]
[Date "2017.07.28"]
[Round "8.91"]
[White "Subramanian, Aditya"]
[Black "Larsen, Hans Haagen"]
[Result "1-0"]
[WhiteElo "2054"]
[BlackElo "1627"]
[WhiteFideId "1718924"]
[BlackFideId "1409557"]
[EventDate "2017.07.22"]

1. Nf3 d5 2. d4 Bf5 3. c4 e6 4. Nc3 Nf6 5. e3 Ne4 6. cxd5 exd5 7. Qb3 c6 8. Qxb7
Nd7 9. Qxc6 Nxc3 10. bxc3 Rc8 11. Qxd5 Be6 12. Qb5 Rxc3 13. Bd2 Rc2 14. Bd3 Rxa2
15. Rxa2 Bxa2 16. Ne5 Bd6 17. Nxd7 Qxd7 18. Ke2 Be6 19. Ra1 Bxh2 20. Qxd7+ Bxd7
21. g3 O-O 22. Rh1 1-0

[Event "Xtracon Chess Open 2017"]
[Site "Helsingor DEN"]
[Date "2017.07.28"]
[Round "8.93"]
[White "Matthiesen, Martin"]
[Black "Rasmussen, Henrik Egede"]
[Result "1-0"]
[WhiteTitle "FM"]
[WhiteElo "2349"]
[BlackElo "1926"]
[WhiteFideId "1404067"]
[BlackFideId "1417800"]
[EventDate "2017.07.22"]

1. Nf3 Nf6 2. c4 c5 3. Nc3 Nc6 4. g3 g6 5. Bg2 Bg7 6. O-O O-O 7. d4 cxd4 8. Nxd4
Nxd4 9. Qxd4 d6 10. Qd3 Rb8 11. Be3 b6 12. b3 Bb7 13. Bxb7 Rxb7 14. Rac1 Qd7 15.
f3 h5 16. Kg2 Kh7 17. Qd2 Rh8 18. a4 h4 19. g4 Nxg4 20. fxg4 Qxg4+ 21. Kh1 h3
22. Qd5 Rd7 23. Rxf7 e6 24. Rxg7+ Rxg7 25. Qe4 Qf5 26. Bd4 e5 27. Be3 Rf8 28.
Rg1 Qh5 29. Bg5 Rf5 30. Qh4 Qxh4 31. Bxh4 g5 32. Be1 Rg6 33. Bd2 Rf2 34. Be3 Rf5
35. Ne4 g4 36. Rd1 Kg8 37. Kg1 Rf8 38. Rd5 Rd8 39. Kf2 Rf8+ 40. Kg1 Rd8 41. Bg5
Rf8 42. Bh4 Rf4 43. Nxd6 Rg7 44. Bg3 Rf8 45. Rxe5 Rd7 46. Re4 Rg7 47. Rd4 Rg6
48. b4 Rgf6 49. Rxg4+ Kh7 50. Rh4+ Kg6 51. Rxh3 Rf1+ 52. Kg2 1-0

[Event "Xtracon Chess Open 2017"]
[Site "Helsingor DEN"]
[Date "2017.07.28"]
[Round "8.94"]
[White "Mansoor, Afras"]
[Black "Kolvig, Bent"]
[Result "1/2-1/2"]
[WhiteElo "1917"]
[BlackElo "2230"]
[WhiteFideId "1522108"]
[BlackFideId "1400746"]
[EventDate "2017.07.22"]

1. d4 Nf6 2. Bg5 e6 3. e4 Be7 4. e5 Nd5 5. Bxe7 Qxe7 6. c4 Nb6 7. Nc3 d6 8. Nf3
Nc6 9. exd6 cxd6 10. Be2 Bd7 11. O-O O-O 12. Re1 Rac8 13. Rc1 Rfd8 14. b3 Qf8
15. Bd3 h6 16. Bb1 g6 17. Qd2 Qg7 18. Qf4 g5 19. Qg3 Nxd4 20. Nxd4 Qxd4 21. Rcd1
Qg7 22. Ne4 Bc6 23. Nxd6 Ra8 24. Rd2 Rd7 25. Red1 Rad8 26. Qe3 Nc8 27. Nxc8 Rxd2
28. Ne7+ Kf8 29. Rxd2 Rxd2 1/2-1/2

[Event "Xtracon Chess Open 2017"]
[Site "Helsingor DEN"]
[Date "2017.07.28"]
[Round "8.95"]
[White "Oland, Arne"]
[Black "Heimisson, Hilmir Freyr"]
[Result "0-1"]
[WhiteElo "1912"]
[BlackElo "2215"]
[WhiteFideId "1422081"]
[BlackFideId "2309998"]
[EventDate "2017.07.22"]

1. d4 Nf6 2. Nf3 d5 3. Bf4 c5 4. e3 Nc6 5. Be2 Bf5 6. h3 e6 7. c3 Qb6 8. Qb3 c4
9. Qxb6 axb6 10. Nbd2 h6 11. O-O b5 12. a3 Be7 13. Ne5 Nxe5 14. Bxe5 O-O 15.
Bxf6 Bxf6 16. Rfe1 Bh7 17. Nf1 Be7 18. Rad1 g5 19. Rd2 Bd6 20. g3 Kg7 21. Bd1 b4
22. axb4 Ra1 23. f3 Bd3 24. Kf2 Rfa8 25. Be2 Bg6 26. Rxa1 Rxa1 27. Rd1 Ra2 28.
Rd2 h5 29. h4 gxh4 30. gxh4 Kf8 31. f4 Ke8 32. Nh2 Bxb4 33. Ke1 Ba5 34. Nf3 f6
35. Bd1 Kf8 36. Ng1 Kg7 37. Kf2 Bxc3 0-1

[Event "Xtracon Chess Open 2017"]
[Site "Helsingor DEN"]
[Date "2017.07.28"]
[Round "8.96"]
[White "Quinones-Maletti, Julio Guillerm"]
[Black "Ukkelberg, Oyvind"]
[Result "1-0"]
[WhiteElo "2200"]
[BlackElo "1933"]
[WhiteFideId "1462318"]
[BlackFideId "1507893"]
[EventDate "2017.07.22"]

1. e4 d6 2. d4 Nf6 3. Nc3 Nbd7 4. f4 e5 5. Nf3 exd4 6. Qxd4 Be7 7. Be3 O-O 8.
O-O-O c6 9. Be2 Qa5 10. Nd2 b5 11. Nb3 Qc7 12. Bf3 Bb7 13. g4 Rfd8 14. g5 Ne8
15. Qd2 a5 16. Nd4 Nb6 17. Nf5 Nc4 18. Qf2 Bf8 19. Bd4 b4 20. Ne2 c5 21. Bf6
gxf6 22. gxf6 Nxf6 23. Qh4 Ne8 24. Rhg1+ Bg7 25. Nxg7 Kf8 26. Nf5 f6 27. Qh6+
Kf7 28. Qxh7+ Ke6 29. Ned4+ cxd4 30. Nxd4# 1-0

[Event "Xtracon Chess Open 2017"]
[Site "Helsingor DEN"]
[Date "2017.07.28"]
[Round "8.97"]
[White "Grove, Peter"]
[Black "Kyrkjebo, Hanna B."]
[Result "1-0"]
[WhiteElo "2182"]
[BlackElo "1923"]
[WhiteFideId "1411101"]
[BlackFideId "1511599"]
[EventDate "2017.07.22"]

1. e4 e5 2. Nc3 Nf6 3. Nf3 Nc6 4. d4 exd4 5. Nd5 d6 6. Nxd4 Be7 7. Bc4 Nxd4 8.
Qxd4 Nxd5 9. exd5 Bf6 10. Bb5+ Bd7 11. Qa4 a6 12. Bxd7+ Qxd7 13. Qxd7+ Kxd7 14.
O-O Rhe8 15. Be3 Re5 16. Rfd1 Rae8 17. Kf1 Rf5 18. Rd3 Rfe5 19. Rad1 Re4 20. b3
g6 21. g3 Bg7 22. c4 h6 23. h4 b6 24. Rc1 a5 25. Rc2 Ra8 26. Kg2 f5 27. Kf3 Rh8
28. a3 Bf6 29. b4 axb4 30. axb4 g5 31. c5 Rxb4 32. cxb6 cxb6 33. Ra3 Rc8 34.
Ra7+ Kd8 35. hxg5 hxg5 36. Rc6 Be5 37. Bxb6+ Rxb6 38. Rxb6 Ke8 39. Rbb7 g4+ 40.
Kg2 Bd4 41. Re7+ Kf8 42. Rf7+ Kg8 43. Rad7 Be5 44. Rxf5 Rc5 45. Rg5+ Kf8 46.
Rxg4 Rxd5 47. Ra4 Ke8 48. Rh7 Bf6 49. Ra8+ 1-0

[Event "Xtracon Chess Open 2017"]
[Site "Helsingor DEN"]
[Date "2017.07.28"]
[Round "8.98"]
[White "Deur Saric, Zrinka"]
[Black "Mehringer, Joerg"]
[Result "1-0"]
[WhiteTitle "WFM"]
[WhiteElo "2152"]
[BlackElo "1918"]
[WhiteFideId "14512670"]
[BlackFideId "12915351"]
[EventDate "2017.07.22"]

1. e4 e5 2. Nf3 Nc6 3. Bb5 f5 4. Nc3 fxe4 5. Nxe4 d5 6. Nxe5 dxe4 7. Nxc6 Qg5 8.
Qe2 Nf6 9. f4 Qxf4 10. Ne5+ c6 11. d4 Qh4+ 12. g3 Qh3 13. Bc4 Bd6 14. Bf4 Bxe5
15. Bxe5 Bg4 16. Qf1 Qh6 17. Qf4 Qg6 18. O-O Nd5 19. Qd2 Bh3 20. Rfe1 O-O 21.
Qe3 Bf5 22. Qb3 Rad8 23. Qxb7 Rd7 24. Qb3 Kh8 25. Bf1 Be6 26. c4 Nf6 27. Bg2 Bf5
28. Bxf6 Qxf6 29. Qe3 Qxd4 30. Qxd4 Rxd4 31. b3 Kg8 32. Rad1 Rfd8 33. Rxd4 Rxd4
34. Kf2 Kf7 35. g4 Bg6 36. h4 h6 37. Bf1 Ke6 38. Ke3 Ke5 39. Be2 Rd6 40. Rf1 Rf6
41. Rd1 Be8 42. Rd8 Re6 43. Rd4 Kf6 44. Rxe4 Rxe4+ 45. Kxe4 Ke6 46. Kd4 Kd6 47.
b4 g5 48. c5+ Ke6 49. h5 Bd7 50. a4 Bc8 51. b5 cxb5 52. axb5 Bb7 53. Bd3 Ke7 54.
Ke5 1-0

[Event "Xtracon Chess Open 2017"]
[Site "Helsingor DEN"]
[Date "2017.07.28"]
[Round "8.99"]
[White "Wahlund, Max"]
[Black "Stern, Geoffrey"]
[Result "0-1"]
[WhiteElo "2142"]
[BlackElo "1897"]
[WhiteFideId "1741861"]
[BlackFideId "4002679"]
[EventDate "2017.07.22"]

1. d4 e6 2. Nf3 Nf6 3. c4 d5 4. cxd5 exd5 5. Bg5 c6 6. Qc2 Nbd7 7. Nc3 Be7 8. e3
O-O 9. Bd3 Re8 10. O-O Nf8 11. Rab1 a5 12. a3 g6 13. b4 axb4 14. axb4 Ne6 15.
Bxf6 Bxf6 16. Na4 Qd6 17. Rfc1 Bd7 18. Nb6 Ra3 19. Ra1 Rxa1 20. Rxa1 Ng5 21.
Nxg5 Bxg5 22. Ra7 Rb8 23. Qc5 Qe6 24. b5 Be7 25. Qc3 Be8 26. Qb3 Kg7 27. Na4
cxb5 28. Nc3 Bc6 29. Bxb5 Rc8 30. Bf1 Qd6 31. Qa2 Rd8 32. g3 Qb4 33. Qa1 Bd6 34.
Bg2 Bc7 35. h4 h5 36. e4 Qxd4 37. exd5 Bxg3 38. dxc6 Qxf2+ 39. Kh1 Be5 40. Ra4
Qg3 41. Qg1 Bxc3 42. cxb7 Be5 43. Re4 Rd1 44. b8=Q Qh2# 0-1

[Event "Xtracon Chess Open 2017"]
[Site "Helsingor DEN"]
[Date "2017.07.28"]
[Round "8.100"]
[White "Lahlum, Hans Olav"]
[Black "Sandberg, Martin"]
[Result "1-0"]
[WhiteElo "2131"]
[BlackElo "1893"]
[WhiteFideId "1501348"]
[BlackFideId "1707159"]
[EventDate "2017.07.22"]

1. d4 Nf6 2. c4 e6 3. Nc3 Bb4 4. Qc2 O-O 5. a3 Bxc3+ 6. Qxc3 d5 7. Bg5 dxc4 8.
Qxc4 b6 9. Nf3 Bb7 10. Rc1 c5 11. dxc5 bxc5 12. Qxc5 Nc6 13. Rd1 Qc7 14. Bxf6
gxf6 15. e3 Rac8 16. Be2 Qa5+ 17. Qxa5 Nxa5 18. b4 Nc4 19. Ra1 Rfd8 20. O-O Nd2
21. Rfd1 Nxf3+ 22. Bxf3 Bxf3 23. gxf3 Rxd1+ 24. Rxd1 Rc3 25. a4 Ra3 26. a5 Rb3
27. Rd4 Rb1+ 28. Kg2 Kf8 29. Rd8+ Ke7 30. Rb8 f5 31. Rb7+ Kf6 32. b5 h5 33. f4
Rb4 34. h4 Rb2 35. Kf1 Rb4 36. Ke2 e5 37. b6 Rb2+ 38. Kd3 a6 39. Ra7 e4+ 40. Kc3
Rb1 41. Rxa6 Ke7 42. Ra7+ Ke6 43. b7 Kd6 44. a6 Rb6 45. Ra8 1-0

[Event "Xtracon Chess Open 2017"]
[Site "Helsingor DEN"]
[Date "2017.07.28"]
[Round "8.101"]
[White "Stuhlmann, Alexander"]
[Black "Andersen, Soren Mikkel"]
[Result "0-1"]
[WhiteElo "1895"]
[BlackElo "2123"]
[WhiteFideId "12969788"]
[BlackFideId "1411918"]
[EventDate "2017.07.22"]

1. e4 c5 2. Nf3 d6 3. c4 Nc6 4. Nc3 g6 5. d4 Bg4 6. dxc5 Bxf3 7. gxf3 dxc5 8.
Be3 Qa5 9. Qa4 Qxa4 10. Nxa4 b6 11. O-O-O Bg7 12. f4 e6 13. Bg2 Nd4 14. Rhe1
O-O-O 15. Nc3 Ne7 16. e5 Nef5 17. Ne4 Kc7 18. Bxd4 Nxd4 19. Nd6 Rxd6 20. exd6+
Kxd6 21. h3 Bh6 22. Kb1 Bxf4 23. Rd3 Rc8 24. Red1 Be5 25. b3 f5 26. h4 Bf6 27.
Kc1 e5 28. Rh3 Rb8 29. Bd5 b5 30. Kd2 e4 31. Re1 Bxh4 0-1

[Event "Xtracon Chess Open 2017"]
[Site "Helsingor DEN"]
[Date "2017.07.28"]
[Round "8.102"]
[White "Aroven, Mikael"]
[Black "Kashwan, Hassan"]
[Result "0-1"]
[WhiteElo "2114"]
[BlackElo "1892"]
[WhiteFideId "1709534"]
[BlackFideId "137122555"]
[EventDate "2017.07.22"]

1. b3 a5 2. a3 Nf6 3. Bb2 e6 4. c4 d5 5. e3 Bd6 6. f4 O-O 7. Nf3 c5 8. Bd3 d4 9.
O-O Nc6 10. Qc2 Qc7 11. exd4 cxd4 12. g3 b6 13. Ng5 h6 14. Ne4 Nxe4 15. Bxe4 Bc5
16. d3 Bb7 17. Qg2 Rab8 18. Nd2 Ne7 19. g4 f5 20. Bxb7 Qxb7 21. Rf3 fxg4 22.
Qxg4 Nf5 23. Ne4 Qf7 24. Kh1 Ne3 25. Qh3 Qf5 26. b4 Qxh3 27. Rxh3 axb4 28. axb4
Bxb4 29. Rg1 Bc5 30. Rxh6 Rxf4 31. Rhg6 Nf5 32. Ng5 Rf2 33. Bc1 Bd6 34. Rg2 Rxg2
35. Rxe6 Rxh2+ 36. Kg1 Rc2 37. Re1 Bh2+ 0-1